Aspects of the Monetary Transmission Mechanism under Exchange Rate Targeting <The> Case of France

Enregistré dans:
Détails bibliographiques
Auteur principal: Levy, Joaquim
Autres auteurs: Halikias, Ioannis
Format: Livre
Langue:anglais
Publié: Washington International Monetary Fund 1997
Édition:1. ed.
Collection:IMF Working Paper 44
Sujets:
Tags: Ajouter un tag
Pas de tags, Soyez le premier à ajouter un tag!

MARC

LEADER 00000nam a2200000 4500
001 c021158
005 20221129110123.3
041 0 |a eng 
044 |a US 
245 1 0 |a Aspects of the Monetary Transmission Mechanism under Exchange Rate Targeting  |b <The> Case of France  |c Joaquim Levy, Ioannis Halikias 
250 |a 1. ed. 
264 1 |a Washington  |b International Monetary Fund  |c 1997 
300 |a 30 s. 
490 1 |a IMF Working Paper  |v 44 
830 0 |a IMF Working Paper  |v 44 
610 2 0 |a kurz devízový 
610 2 0 |a kurz menový 
610 2 0 |a prevod bankový 
610 2 0 |a politika menová 
610 2 0 |a Francúzsko 
100 1 |a Levy, Joaquim 
700 1 |a Halikias, Ioannis